000 00565nam a2200193Ia 4500
008 210417s9999 xx 000 0 und d
020 _a9781632413925
020 _b1632413922
082 _a616.0754b JAC
082 _b22.616.0754b JAC
245 0 _a"Principles, Concepts and Applications of Biomedical Imaging"
245 0 _cPrinciples Concepts and Applications of Biomedical Imaging
250 _b"ix, 251 p. : col.ill., hbk."
260 _aUSA
260 _bHayle Medical
260 _c2016
700 _a"Jackson,Thomas "
700 _bThomas Jackson
999 _c484111
_d484111